|
|
|
|
| LEADER |
00000cam a2200000 a 4500 |
| 001 |
vtls001182401 |
| 003 |
SK-MaSNL |
| 005 |
20260301002656.0 |
| 008 |
240226s1990 xo o grn 011 0 slo |
| 015 |
|
|
|a SNBA1990
|
| 020 |
|
|
|q (brožované)
|
| 035 |
|
|
|a SNK000125425
|
| 035 |
|
|
|a 80824889-B59D-4453-A5DE-E8BBFEE0DC5B
|
| 035 |
|
|
|a urn:nbn:sk:snk-am00ijix
|
| 040 |
|
|
|a SNK
|b slo
|c SNK
|e AACR2
|
| 041 |
0 |
|
|a slo
|
| 043 |
|
|
|a e-xo---
|
| 044 |
|
|
|a xo
|c SK
|
| 072 |
|
7 |
|a 792
|x Divadlo. Divadelné predstavenia
|2 konspekt
|
| 080 |
|
|
|a 792.077(437.626-21)"1870/1990"
|2 1997
|
| 080 |
|
|
|a 792.077
|2 2011
|
| 080 |
|
|
|a (437.6)
|2 2011
|
| 080 |
|
|
|a (048.8)
|2 2011
|
| 100 |
1 |
|
|a Kubovicová, Mária
|4 aut
|
| 245 |
1 |
0 |
|a Ochotnícke divadelné dianie v Novom Meste nad Váhom od roku 1870 do roku 1990
|c Mária Kubovicová, Štefan Psotný
|
| 260 |
|
|
|a V Novom Meste nad Váhom
|b Mestské kultúrne stredisko
|c [1990]
|
| 300 |
|
|
|a 356 strán
|b fotografie
|c 20 cm
|
| 366 |
|
|
|e 1000 výtl.
|
| 500 |
|
|
|a Nepredajné. S venovaním a podpisom autorov
|
| 504 |
|
|
|a Bibliografia na strane 320-322. Registre
|
| 648 |
|
7 |
|a 1870-1990
|2 SNKPH
|9 282887
|
| 650 |
0 |
7 |
|a ochotnícke divadlo
|2 SNKPH
|9 3349
|
| 655 |
|
7 |
|a Nové Mesto nad Váhom (Slovensko)
|2 SNKPHgeo
|9 282888
|
| 655 |
|
7 |
|a prehľady
|2 SNKPH
|9 70194
|
| 700 |
1 |
|
|a Psotný, Štefan
|4 aut
|9 11513
|
| 752 |
|
|
|a Slovensko
|d Nové Mesto nad Váhom
|
| 852 |
|
|
|a Slovenská národná knižnica
|
| 954 |
|
|
|a odborná, vedecká literatúra pôvodná (slovenská)
|2 lita
|
| 958 |
|
|
|a OND
|
| 958 |
|
|
|a EUIPO
|
| 999 |
|
|
|c 537853
|d 539783
|
| 952 |
|
|
|a SNK
|b SNK
|y VYP
|7 0
|p 17A0680816
|o snkSC 73891 D1
|i snk2010/25891
|8 0
|0 0
|1 0
|4 0
|d 2010-11-23
|l 0
|r 2026-02-23 12:30:30
|w 2026-02-23
|
| 952 |
|
|
|a SNK
|b SNK
|y PREZ
|7 0
|p 17A0542211
|o snkSC 73891
|i snkF 18/96
|8 5
|3 rekatalogizácia
|z S venovaním a podpisom autorov
|0 0
|1 0
|4 0
|d 1996-03-11
|f 1
|l 0
|r 2025-07-30 00:00:00
|w 2026-02-23
|